| 000 | 01114nam a22002535a 4500 | ||
|---|---|---|---|
| 003 | OSt | ||
| 005 | 20170221123756.0 | ||
| 008 | 161120s2016 ua frb 000 0 ara d | ||
| 040 |
_aEG-ScBUE _bara _cEG-ScBUE |
||
| 082 | 0 | 4 |
_a341.552 _bم ح م _222 |
| 100 | 1 | _aمحمد، أحمد أبو الوفا. | |
| 245 | 1 | 0 |
_aمشكلة عدم الظهور أمام محكمة العدل الدولية : _bدراسة في إطار قانون الإجراءات الدولية / _cأحمد أبو الوفا محمد. |
| 250 | _aط. 2. | ||
| 260 |
_aالقاهرة : _bدار النهضة العربية، _c2016. |
||
| 300 |
_a221 ص. ؛ _c24 سم. |
||
| 500 | _aحصل الأصل الفرنسي لهذا البحث على مرتية الشرف من مجمع القانون الدولي. | ||
| 504 | _aيشتمل على إرجاعات ببليوجرافية. | ||
| 610 | 1 | 7 |
_2BUEsh _aمحكمة العدل الدولية (لاهاي، هولندا) |
| 650 | 0 |
_2BUEsh _aالتحكيم الدولي. _941124 |
|
| 650 | 0 | _aالقانون الدولي | |
| 651 | _2BUEsh | ||
| 653 |
_bLLAAWW _cFebruary2017 |
||
| 942 | _2ddc | ||
| 999 |
_c24219 _d24191 |
||